000 00668nam a2200241 a 4500
005 20140303100221.0
008 140303b1985 ck ||||| |||| 00| 0 spa d
041 _aspa
044 _ack
090 _aLB
_b01622
100 _aVon Prahl, Henry
_913112
245 _aCorales arrecifes coralinos
_bColombia
260 _aBogotá
_bFondo FEN Colombia
_c1985
300 _a295 p.
650 _aArrecifes coralinos
_93691
650 _aFisiología animal
_99500
650 _aSistemática
_93510
650 _aDistribución geográfica
_913113
662 _aColombia
_cCaribe
662 _aColombia
_cPacífico
700 _aErhardt, Harry
_913114
942 _cImpreso
_2z
999 _c1629
_d1629